[Event "DEM U16w Oberhof"]
[Site "?"]
[Date "2013.05.23"]
[Round "7.10"]
[White "Titgemeyer, Eva Maria"]
[Black "Koch, Elisabeth"]
[Result "1/2-1/2"]
[WhiteElo "1567"]
[BlackElo "1732"]
[PlyCount "127"]
[EventDate "2013.??.??"]

1. e4 e5 2. Nf3 Nc6 3. d4 exd4 4. Bc4 Nf6 5. O-O Nxe4 6. Re1 d5 7. Bxd5 Qxd5 8.
Nc3 Qa5 9. Nxe4 Be6 10. Neg5 O-O-O 11. Nxe6 fxe6 12. Rxe6 Bd6 13. Bg5 Rdf8 14.
Qe1 Qf5 15. Qe4 Qxe4 16. Rxe4 h6 17. Bd2 Bc5 18. Rd1 Re8 19. Rde1 Rxe4 20. Rxe4
Rd8 21. Kf1 Be7 22. Bf4 Bf6 23. Ne1 Nb4 24. a3 Nd5 25. Bg3 c5 26. Nd3 c4 27.
Nc5 Ne7 28. Be5 Bxe5 29. Rxe5 Nc6 30. Re1 g5 31. Rd1 Re8 32. Re1 Rxe1+ 33. Kxe1
b6 34. Ne4 Kd7 35. f3 Ke6 36. Kd2 Ne7 37. Ke2 Nd5 38. g3 b5 39. Nc5+ Kd6 40.
Ne4+ Ke5 41. Nf2 h5 42. Ne4 g4 43. Ng5 Kf5 44. f4 h4 45. Kf2 hxg3+ 46. hxg3 Ne3
47. Nf7 Ke6 48. Ne5 Nxc2 49. Nxg4 Kf5 50. Ne5 Ne3 51. Nc6 Nd1+ 52. Ke2 Nxb2 53.
Nxd4+ Kg4 54. Nxb5 Kxg3 55. f5 Nd3 56. Nd6 Ne5 57. f6 Kf4 58. Nxc4 Nf7 59. Na5
Kf5 60. Ke3 Kxf6 61. Nc6 Ne5 62. Na5 Ke6 63. Kd4 Kd6 64. Nb7+ 1/2-1/2

[Event "DEM U16w Oberhof"]
[Site "?"]
[Date "2013.05.23"]
[Round "7.11"]
[White "Weiten, Katharina"]
[Black "Rosmait, Emily"]
[Result "0-1"]
[WhiteElo "1080"]
[BlackElo "1754"]
[PlyCount "126"]
[EventDate "2013.??.??"]

1. e4 e5 2. Nf3 Nc6 3. Nc3 Nf6 4. d4 exd4 5. Nxd4 Bb4 6. Nxc6 bxc6 7. Bd3 d5 8.
exd5 cxd5 9. O-O O-O 10. h3 h6 11. Qf3 c6 12. Bf4 Bd6 13. Bxd6 Qxd6 14. Rfe1
Be6 15. Rad1 Rab8 16. b3 Rfd8 17. Ne2 Kh8 18. Ng3 c5 19. c4 d4 20. Ne4 Qc6 21.
Ng5 Qxf3 22. Nxf3 Re8 23. Ne5 Nd7 24. Nc6 Rb7 25. Be4 Rc7 26. Bd5 Nf6 27. Bxe6
Rxe6 28. Rxe6 fxe6 29. Ne5 Kg8 30. a3 Nd7 31. Nxd7 Rxd7 32. Kf1 a5 33. Ke2 Kf7
34. Rd3 e5 35. f3 Ke6 36. g4 g5 37. Kf2 Rf7 38. Kg3 Rf8 39. h4 Rb8 40. Kh3 Rb7
41. Kg3 Kf6 42. Kh3 Ke6 43. Kg3 Kd6 44. Kh3 Kc6 45. Kg3 Rb6 46. Kh3 a4 47. bxa4
Kb7 48. Kg3 Ka6 49. hxg5 hxg5 50. f4 exf4+ 51. Kf3 Re6 52. Rb3 Re3+ 53. Rxe3
dxe3 54. Ke2 Ka5 55. Kd3 Kxa4 56. Kc3 e2 57. Kd2 f3 58. Ke1 Kxa3 59. Kf2 Kb3
60. Ke1 Kxc4 61. Kd2 Kb3 62. Ke1 Kc2 63. Kf2 Kd2 0-1

[Event "DEM U16w Oberhof"]
[Site "?"]
[Date "2013.05.23"]
[Round "7.12"]
[White "Paliy, Margaryta"]
[Black "Priese, Annika"]
[Result "0-1"]
[WhiteElo "1676"]
[BlackElo "1703"]
[PlyCount "36"]
[EventDate "2013.??.??"]

1. e4 c5 2. b3 d6 3. Bb2 Nd7 4. Nc3 Ngf6 5. f4 e6 6. Nf3 a6 7. g3 b5 8. d3 Bb7
9. Bg2 Qc7 10. Qd2 Be7 11. O-O-O O-O 12. Rhe1 Rfd8 13. d4 b4 14. Nb1 Nxe4 15.
Qe3 Rac8 16. dxc5 Ndxc5 17. Qd4 Bf6 18. Qxb4 Nd3+ 0-1

[Event "DEM U16w Oberhof"]
[Site "?"]
[Date "2013.05.23"]
[Round "7.13"]
[White "Gazizova, Alina"]
[Black "Hartewig, Anja"]
[Result "0-1"]
[WhiteElo "1074"]
[BlackElo "1809"]
[PlyCount "60"]
[EventDate "2013.??.??"]

1. d4 d5 2. Nf3 Nf6 3. c4 c6 4. Bg5 Ne4 5. Bc1 dxc4 6. Nc3 Nxc3 7. bxc3 Bf5 8.
e3 b5 9. Nd2 e6 10. e4 Bg6 11. g3 Be7 12. Bg2 O-O 13. O-O Qa5 14. Nb1 Rd8 15.
Qf3 a6 16. Rd1 Ra7 17. Bb2 Rad7 18. Nd2 c5 19. Nf1 Nc6 20. d5 Ne5 21. Qe3 exd5
22. exd5 Nd3 23. Qd2 Bf6 24. Rab1 Nxb2 25. Qxb2 Bxc3 26. Qe2 Bxb1 27. Rxb1 Bf6
28. Re1 Re7 29. Qd1 Rxe1 30. Qxe1 Qxe1 0-1

[Event "DEM U16w Oberhof"]
[Site "?"]
[Date "2013.05.24"]
[Round "8.1"]
[White "Heinemann, Josefine"]
[Black "Bork, Sophie"]
[Result "1-0"]
[WhiteElo "1970"]
[BlackElo "1434"]
[PlyCount "71"]
[EventDate "2013.??.??"]

1. e4 e5 2. Nf3 Nc6 3. Bb5 f5 4. Nc3 fxe4 5. Nxe4 Nf6 6. Nxf6+ Qxf6 7. Qe2 Be7
8. Bxc6 bxc6 9. d4 d6 10. Bg5 Qe6 11. Bxe7 Qxe7 12. dxe5 Bg4 13. exd6 Qxe2+ 14.
Kxe2 cxd6 15. Rhd1 O-O-O 16. Rd3 Rhf8 17. Rad1 Rde8+ 18. Re3 Bxf3+ 19. gxf3 Kc7
20. Rg1 g6 21. Rg4 d5 22. c4 Kd6 23. cxd5 Kxd5 24. Rge4 Rxe4 25. fxe4+ Ke6 26.
Rc3 Kd6 27. Ke3 Rf7 28. f4 Rb7 29. Rb3 Rc7 30. e5+ Ke7 31. Ke4 Rd7 32. f5 gxf5+
33. Kxf5 Rc7 34. Rb8 Kf7 35. e6+ Kg7 36. Ke5 1-0

[Event "DEM U16w Oberhof"]
[Site "?"]
[Date "2013.05.24"]
[Round "8.2"]
[White "Zahn, Alina"]
[Black "Bluhm, Sonja Maria"]
[Result "1/2-1/2"]
[WhiteElo "1935"]
[BlackElo "2030"]
[PlyCount "45"]
[EventDate "2013.??.??"]

1. e4 e5 2. Nf3 Nc6 3. d4 exd4 4. Bc4 Nf6 5. e5 d5 6. Bb5 Ne4 7. Nxd4 Bd7 8.
Bxc6 bxc6 9. Be3 Qe7 10. f3 Nc5 11. O-O g6 12. f4 Bg7 13. Nd2 O-O 14. N4b3 Nb7
15. Qf3 a5 16. Qf2 Rfd8 17. Nf3 a4 18. Nc5 Nxc5 19. Bxc5 Qe8 20. Ne1 Bf8 21.
Nd3 Bf5 22. Rfe1 Ra5 23. b4 1/2-1/2

[Event "DEM U16w Oberhof"]
[Site "?"]
[Date "2013.05.24"]
[Round "8.3"]
[White "Diederichs, Luise"]
[Black "Schwarz, Larissa"]
[Result "1/2-1/2"]
[WhiteElo "1906"]
[BlackElo "1943"]
[PlyCount "97"]
[EventDate "2013.??.??"]

1. e4 c5 2. Nf3 e6 3. d4 cxd4 4. Nxd4 a6 5. Bd3 Nc6 6. Nxc6 bxc6 7. O-O Nf6 8.
Nc3 d5 9. Qf3 Be7 10. e5 Nd7 11. Qg3 g6 12. Bh6 Rb8 13. b3 Rb4 14. Bd2 h5 15.
f4 Bh4 16. Qf3 Rb8 17. Na4 Bb7 18. Qe2 Qc8 19. g3 Be7 20. c4 Nc5 21. cxd5 Nxd3
22. d6 c5 23. Qxd3 Qc6 24. Kf2 Bd8 25. Rac1 h4 26. Ke1 hxg3 27. hxg3 Rh2 28.
Nxc5 Qg2 29. d7+ Kf8 30. Nxb7 Qxb7 31. Rc2 Kg7 32. Kd1 Bb6 33. Be3 Rxc2 34.
Kxc2 Bxe3 35. Qxe3 Qc6+ 36. Kb2 Qxd7 37. Rf2 Rd8 38. Rc2 Qd1 39. Rh2 Rd3 40.
Qe2 Qxe2+ 41. Rxe2 Rxg3 42. Rf2 f6 43. exf6+ Kxf6 44. Ka3 Rg4 45. b4 Kf5 46.
Ka4 Rxf4 47. Rxf4+ Kxf4 48. Ka5 e5 49. Kxa6 1/2-1/2

[Event "DEM U16w Oberhof"]
[Site "?"]
[Date "2013.05.24"]
[Round "8.5"]
[White "Lemke, Berfin"]
[Black "Gassmann, Linda"]
[Result "1/2-1/2"]
[WhiteElo "1574"]
[BlackElo "1784"]
[PlyCount "108"]
[EventDate "2013.??.??"]

1. e4 c5 2. Nf3 d6 3. d4 cxd4 4. Nxd4 Nf6 5. Nc3 g6 6. Be2 Bg7 7. O-O O-O 8.
Be3 Nc6 9. Kh1 Bd7 10. Qd2 a6 11. f4 b5 12. Bf3 Rc8 13. Nce2 Na5 14. c3 Nc4 15.
Qc1 Nxe3 16. Qxe3 Qb6 17. Qd3 Bg4 18. h3 Bxf3 19. Rxf3 Rfd8 20. Ng3 b4 21. Rb1
Qa5 22. cxb4 Qxb4 23. Nb3 Qa4 24. a3 Nd7 25. Qd1 Nb6 26. Qe2 Rc7 27. Rc1 Rdc8
28. Rxc7 Rxc7 29. e5 dxe5 30. fxe5 e6 31. Rd3 Nd5 32. Kh2 Rc4 33. Qd1 Bxe5 34.
Qd2 h5 35. Kh1 Bxg3 36. Rxg3 Rf4 37. Qe2 Kh7 38. Nc5 Qb5 39. Nd3 Rf5 40. Rf3
Rxf3 41. Qxf3 Kg7 42. Ne5 f6 43. Nd3 e5 44. Qe4 Ne7 45. a4 Qd5 46. Qb4 Nf5 47.
Qc3 g5 48. Nf2 Kh6 49. Qf3 Qe6 50. Qa8 Ng7 51. g4 f5 52. Qh8+ Kg6 53. gxh5+
Nxh5 54. b4 Nf4 1/2-1/2

[Event "DEM U16w Oberhof"]
[Site "?"]
[Date "2013.05.24"]
[Round "8.6"]
[White "Schlichter, Lisa"]
[Black "Fesselier, Melissa"]
[Result "0-1"]
[WhiteElo "1659"]
[BlackElo "1738"]
[PlyCount "66"]
[EventDate "2013.??.??"]

1. e4 c5 2. Nf3 e6 3. c3 d5 4. exd5 Qxd5 5. Na3 Nf6 6. Be2 Be7 7. d4 cxd4 8.
Nb5 Qd8 9. Nbxd4 O-O 10. O-O Qb6 11. Qc2 Nc6 12. Nxc6 bxc6 13. Bg5 Bb7 14. Ne5
Qc7 15. Nc4 c5 16. Rad1 Rad8 17. Bh4 Be4 18. Bd3 Bxd3 19. Rxd3 Rxd3 20. Qxd3
Rd8 21. Qf3 Nd5 22. Bg3 Qb7 23. b3 Qa6 24. a3 Bf6 25. Be5 Bxe5 26. Nxe5 f6 27.
Nc4 Rb8 28. Rb1 Qxc4 29. h3 Qxc3 30. Qe4 Qe5 31. Qc2 Nc3 32. Rf1 Rd8 33. Kh1
Ne4 0-1

[Event "DEM U16w Oberhof"]
[Site "?"]
[Date "2013.05.24"]
[Round "8.7"]
[White "Rosmait, Emily"]
[Black "Siegl, Melina"]
[Result "0-1"]
[WhiteElo "1754"]
[BlackElo "1773"]
[PlyCount "108"]
[EventDate "2013.??.??"]

1. e4 c5 2. Nc3 e6 3. g3 g6 4. d4 cxd4 5. Qxd4 Nf6 6. Bg5 Be7 7. Nb5 O-O 8.
O-O-O Nc6 9. Qe3 Ng4 10. Qe2 Bxg5+ 11. f4 h5 12. fxg5 Qxg5+ 13. Kb1 a6 14. Nd6
Qc5 15. Nh3 Nd4 16. Qd3 Qxd6 17. Qxd4 Qxd4 18. Rxd4 Ne5 19. c4 b6 20. Be2 Bb7
21. Rhd1 Rac8 22. b3 Rfd8 23. Nf4 Kf8 24. Kb2 Ke7 25. h3 d6 26. a3 Nd7 27. Bf3
Nc5 28. h4 e5 29. Nd5+ Bxd5 30. Rxd5 Ne6 31. R5d2 Nd4 32. Bg2 Rc7 33. Bh3 Rb8
34. Rf2 b5 35. cxb5 Rxb5 36. b4 a5 37. Bf1 Rb6 38. Ka2 axb4 39. Rb1 b3+ 40. Ka1
Nc2+ 41. Kb2 Nxa3 42. Rc1 Nc2 43. Rf3 Rcc6 44. Rxb3 Rxb3+ 45. Kxb3 Nd4+ 46. Kb2
Rxc1 47. Kxc1 f5 48. exf5 Nxf5 49. Bd3 d5 50. Bxf5 gxf5 51. Kd2 Ke6 52. Ke3 d4+
53. Kd3 Kd5 54. Kd2 e4 0-1

[Event "DEM U16w Oberhof"]
[Site "?"]
[Date "2013.05.24"]
[Round "8.8"]
[White "Srokovskiy, Andrea"]
[Black "Michels, Kim"]
[Result "1-0"]
[WhiteElo "1767"]
[BlackElo "1641"]
[PlyCount "113"]
[EventDate "2013.??.??"]

1. d4 c5 2. e3 cxd4 3. exd4 Nf6 4. Nf3 g6 5. b3 Bg7 6. Bb2 d5 7. Bd3 Nc6 8. O-O
O-O 9. Nbd2 Nb4 10. Ne5 Nd7 11. Ndf3 f6 12. Nxd7 Bxd7 13. Re1 Re8 14. Qe2 Rc8
15. c3 Nxd3 16. Qxd3 Bf5 17. Qb5 Qd7 18. Qxd7 Bxd7 19. Re2 Kf7 20. Rae1 Bf5 21.
h3 Rc6 22. g4 Bd3 23. Re3 Be4 24. g5 Ra6 25. a3 Rb6 26. b4 h6 27. gxf6 exf6 28.
Nd2 Rbe6 29. Nxe4 Rxe4 30. Rxe4 Rxe4 31. Rxe4 dxe4 32. Kg2 Ke6 33. c4 h5 34.
Kg3 g5 35. d5+ Kf7 36. c5 Ke7 37. a4 Bf8 38. Bd4 f5 39. b5 Kd8 40. a5 Kc8 41.
c6 Bd6+ 42. Kg2 bxc6 43. dxc6 Kb8 44. Kf1 Ka8 45. Ke2 f4 46. f3 e3 47. Bf6 g4
48. hxg4 hxg4 49. fxg4 Kb8 50. Bd4 Bc7 51. a6 Ka8 52. g5 Bd6 53. g6 Bf8 54. g7
Bxg7 55. Bxg7 Kb8 56. Be5+ Ka8 57. c7 1-0

[Event "DEM U16w Oberhof"]
[Site "?"]
[Date "2013.05.24"]
[Round "8.9"]
[White "Mao, Yvonne"]
[Black "Schaefer, Annabelle"]
[Result "0-1"]
[WhiteElo "1310"]
[BlackElo "1957"]
[PlyCount "112"]
[EventDate "2013.??.??"]

1. e4 d6 2. d4 g6 3. f3 Bg7 4. Be3 Nd7 5. c4 b6 6. Nc3 Bb7 7. Nge2 c5 8. d5
Ngf6 9. Nc1 O-O 10. Be2 a6 11. O-O Ne8 12. Nd3 Nc7 13. Qd2 b5 14. b3 b4 15. Na4
f5 16. Rad1 e6 17. Bh6 fxe4 18. fxe4 e5 19. Bxg7 Kxg7 20. Rxf8 Qxf8 21. Rf1 Qe7
22. Nf2 Nf6 23. Qg5 Re8 24. Nb2 Bc8 25. Nbd1 Ng8 26. Qxe7+ Rxe7 27. Ne3 Ne8 28.
Bg4 Bb7 29. Be6 Ngf6 30. Neg4 Nh5 31. Nh3 Nc7 32. Ng5 Nf4 33. Re1 Ncxe6 34.
Nxe6+ Nxe6 35. dxe6 Rxe6 36. Kf2 h5 37. Ne3 Bxe4 38. Nd5 Bxd5 39. cxd5 Rf6+ 40.
Ke3 Rf4 41. Rd1 Rd4 42. Rxd4 exd4+ 43. Kd3 Kf6 44. Ke4 Kg5 45. Kf3 Kf6 46. h4
Ke5 47. g4 hxg4+ 48. Kxg4 Ke4 49. Kg5 d3 50. Kxg6 d2 51. h5 d1=Q 52. h6 Qxd5
53. Kg7 Qe5+ 54. Kg8 Kf5 55. h7 Kg6 56. h8=N+ Kf6 0-1

[Event "DEM U16w Oberhof"]
[Site "?"]
[Date "2013.05.24"]
[Round "8.10"]
[White "Priese, Annika"]
[Black "Koch, Elisabeth"]
[Result "1/2-1/2"]
[WhiteElo "1703"]
[BlackElo "1732"]
[PlyCount "100"]
[EventDate "2013.??.??"]

1. e4 e5 2. Nf3 Nc6 3. Bb5 a6 4. Ba4 Nf6 5. O-O Nxe4 6. d4 b5 7. Bb3 d5 8. dxe5
Be6 9. Nbd2 Nc5 10. c3 Nd3 11. Qe2 Nxc1 12. Raxc1 Bc5 13. Rcd1 Qe7 14. Rfe1 O-O
15. Nf1 Rad8 16. Ng3 Rfe8 17. Qc2 Na5 18. a3 Nxb3 19. Qxb3 d4 20. Qc2 dxc3 21.
Qxc3 b4 22. Qc2 bxa3 23. bxa3 Bxa3 24. Ra1 h6 25. Re3 Bc5 26. Rc3 Bb6 27. Rxa6
Bg4 28. Ra1 Bxf3 29. Rxf3 Qxe5 30. Rc1 Qa5 31. Qc4 Re1+ 32. Rxe1 Qxe1+ 33. Nf1
Rd7 34. Qb3 Qd1 35. Qb5 Qd5 36. Qe2 Rd8 37. h3 c5 38. Ne3 Qe6 39. Qc2 Rc8 40.
Nc4 Qe1+ 41. Kh2 Bc7+ 42. g3 Qb4 43. Qf5 Rf8 44. Qd5 Bd8 45. Rf5 Be7 46. Ne3
Qd4 47. Qb7 Bg5 48. Rf3 Bf6 49. Qc6 Rb8 50. Rf4 Qc3 1/2-1/2

[Event "DEM U16w Oberhof"]
[Site "?"]
[Date "2013.05.24"]
[Round "8.11"]
[White "Hartewig, Anja"]
[Black "Titgemeyer, Eva Maria"]
[Result "1-0"]
[WhiteElo "1809"]
[BlackElo "1567"]
[PlyCount "83"]
[EventDate "2013.??.??"]

1. d4 d5 2. c4 e6 3. Nc3 Nf6 4. Bg5 Nbd7 5. cxd5 exd5 6. e3 c6 7. Bd3 Be7 8.
Qc2 O-O 9. Nf3 Re8 10. O-O Nf8 11. Rab1 a5 12. a3 N6d7 13. Bxe7 Qxe7 14. b4
axb4 15. axb4 b5 16. Bxb5 cxb5 17. Nxd5 Qe4 18. Qxe4 Rxe4 19. Ng5 Bb7 20. Nxe4
Bxd5 21. Nc3 Bc4 22. Ra1 Rc8 23. Rfc1 Ne6 24. Nxb5 Rb8 25. Rxc4 Rxb5 26. Ra8+
Nef8 27. Ra5 Rb8 28. b5 Nb6 29. Rc7 Ne6 30. Rc6 Nd8 31. Rxb6 Rxb6 32. Ra8 Kf8
33. Rxd8+ Ke7 34. Rd5 Rb8 35. Kf1 Rb6 36. Ke2 Ke6 37. Rc5 Rb7 38. Kd3 Kd6 39.
Rc6+ Kd7 40. Kc4 f6 41. Ra6 Kc7 42. Kc5 1-0

[Event "DEM U16w Oberhof"]
[Site "?"]
[Date "2013.05.24"]
[Round "8.12"]
[White "Kovac, Laura"]
[Black "Gazizova, Alina"]
[Result "1-0"]
[WhiteElo "1362"]
[BlackElo "1074"]
[PlyCount "97"]
[EventDate "2013.??.??"]

1. e4 c5 2. Nc3 Nc6 3. Bc4 e6 4. d3 d6 5. a3 Nge7 6. Bd2 g6 7. f4 Bg7 8. Nf3 a6
9. a4 O-O 10. Rb1 Rb8 11. O-O Bd7 12. Qe1 Nb4 13. Bb3 Re8 14. Qg3 d5 15. Ne5
Rf8 16. Ne2 Nbc6 17. Nf3 Qb6 18. Kh1 Nb4 19. Ne5 Rbd8 20. Bc3 d4 21. Nc4 Qc7
22. Bd2 Kh8 23. c3 Nbc6 24. e5 Nf5 25. Qf2 Nfe7 26. cxd4 cxd4 27. Nxd4 Nxd4 28.
Qxd4 b5 29. Ba5 Nc6 30. Bxc7 Nxd4 31. Bxd8 Nxb3 32. axb5 axb5 33. Rf2 Rxd8 34.
Nd6 Kg8 35. Rc2 Nd4 36. Rc7 Be8 37. Rbc1 Ne2 38. Rc8 Nxc1 39. Rxd8 Ne2 40.
Rxe8+ Bf8 41. g3 Nc1 42. Nxb5 Nxd3 43. b3 Kg7 44. Nd6 h6 45. h4 h5 46. Rb8 Nc5
47. b4 Na6 48. Rb6 Nc7 49. Rb7 1-0

[Event "DEM U16w Oberhof"]
[Site "?"]
[Date "2013.05.24"]
[Round "8.13"]
[White "Weiten, Katharina"]
[Black "Paliy, Margaryta"]
[Result "0-1"]
[WhiteElo "1080"]
[BlackElo "1676"]
[PlyCount "42"]
[EventDate "2013.??.??"]

1. e4 e6 2. d4 d5 3. e5 c5 4. c3 Nc6 5. Nf3 Qb6 6. Na3 cxd4 7. cxd4 Bxa3 8.
bxa3 Qa5+ 9. Qd2 Qxd2+ 10. Bxd2 Nge7 11. Bd3 O-O 12. O-O Bd7 13. Bb4 Rac8 14.
Ng5 h6 15. Nh7 Rfe8 16. Bc3 Ng6 17. Nf6+ gxf6 18. exf6 Nf4 19. Bc2 Ne2+ 20. Kh1
Nxc3 21. Rac1 Nxd4 0-1

[Event "DEM U16w Oberhof"]
[Site "?"]
[Date "2013.05.25"]
[Round "9.1"]
[White "Fesselier, Melissa"]
[Black "Heinemann, Josefine"]
[Result "0-1"]
[WhiteElo "1738"]
[BlackElo "1970"]
[PlyCount "62"]
[EventDate "2013.??.??"]

1. e4 c5 2. Nf3 d6 3. d4 cxd4 4. Nxd4 Nf6 5. Nc3 a6 6. Be2 e6 7. Be3 Nbd7 8. a4
b6 9. O-O Bb7 10. f3 Be7 11. Qd2 O-O 12. Rfc1 Rc8 13. Na2 d5 14. exd5 Nxd5 15.
Nb3 Nxe3 16. Qxe3 Nc5 17. Kh1 Nxa4 18. Rab1 Qc7 19. Bd3 Rfd8 20. Rd1 g6 21. Qe2
b5 22. Qe3 Rd5 23. h3 Qg3 24. Qe1 Qxe1+ 25. Rxe1 Rdd8 26. Nac1 Bf6 27. c3 Bd5
28. Bc2 Nxb2 29. Ne2 Bxb3 30. Bxb3 Nd3 31. Rf1 Bxc3 0-1

[Event "DEM U16w Oberhof"]
[Site "?"]
[Date "2013.05.25"]
[Round "9.2"]
[White "Schwarz, Larissa"]
[Black "Gassmann, Linda"]
[Result "1/2-1/2"]
[WhiteElo "1943"]
[BlackElo "1784"]
[PlyCount "90"]
[EventDate "2013.??.??"]

1. e4 d5 2. exd5 Qxd5 3. Nc3 Qd6 4. d4 Nf6 5. h3 c6 6. Nf3 Bf5 7. Bd3 Bxd3 8.
Qxd3 Nbd7 9. O-O e6 10. Re1 Be7 11. Ne2 O-O 12. Bf4 Qb4 13. c4 Qb6 14. Nc3 Rfe8
15. b3 Nf8 16. Rad1 Ng6 17. Bh2 Bb4 18. Re2 Qd8 19. c5 Nd5 20. Nxd5 exd5 21.
Ne5 Nxe5 22. Bxe5 f6 23. Bd6 Qd7 24. Re3 Re6 25. Qe2 Rae8 26. Rdd3 Rxe3 27.
Rxe3 Rxe3 28. Qxe3 Kf7 29. g4 Qe6 30. Qxe6+ Kxe6 31. Bf4 Bc3 32. Be3 g6 33. Kg2
b6 34. cxb6 axb6 35. Kf3 Bb4 36. Ke2 Kd6 37. Kd3 Ke6 38. Bf4 Kd7 39. Bd2 c5 40.
Bxb4 cxb4 41. Ke3 Ke6 42. h4 h6 43. f4 f5 44. h5 gxh5 45. gxh5 Kd6 1/2-1/2

[Event "DEM U16w Oberhof"]
[Site "?"]
[Date "2013.05.25"]
[Round "9.3"]
[White "Diederichs, Luise"]
[Black "Zahn, Alina"]
[Result "1-0"]
[WhiteElo "1906"]
[BlackElo "1935"]
[PlyCount "39"]
[EventDate "2013.??.??"]

1. d4 d5 2. c4 dxc4 3. Nc3 Nf6 4. Nf3 a6 5. e3 e6 6. a4 c5 7. Bxc4 Nc6 8. O-O
cxd4 9. exd4 Be7 10. Re1 Nb4 11. Bg5 O-O 12. Qe2 h6 13. Bh4 Qc7 14. Rac1 Bd7
15. d5 Rac8 16. dxe6 Qxc4 17. exd7 Rc7 18. Qxc4 Rxc4 19. Rxe7 Nbd5 20. Bxf6 1-0

[Event "DEM U16w Oberhof"]
[Site "?"]
[Date "2013.05.25"]
[Round "9.4"]
[White "Bluhm, Sonja Maria"]
[Black "Weber, Sandra"]
[Result "1-0"]
[WhiteElo "2030"]
[BlackElo "1766"]
[PlyCount "45"]
[EventDate "2013.??.??"]

1. e4 e5 2. Nf3 Nc6 3. Bb5 a6 4. Ba4 d6 5. c3 Bd7 6. d3 Nge7 7. Nbd2 g6 8. Nf1
Bg7 9. Ng3 d5 10. Bg5 b5 11. Bb3 d4 12. cxd4 Nxd4 13. Nxd4 exd4 14. Qd2 O-O 15.
f4 a5 16. f5 gxf5 17. exf5 Ra6 18. O-O h6 19. Bh4 Be5 20. f6 Ng6 21. Qxh6 Rxf6
22. Bxf6 Bxf6 23. Qxg6+ 1-0

[Event "DEM U16w Oberhof"]
[Site "?"]
[Date "2013.05.25"]
[Round "9.5"]
[White "Bosse, Lea"]
[Black "Siegl, Melina"]
[Result "1/2-1/2"]
[WhiteElo "1604"]
[BlackElo "1773"]
[PlyCount "69"]
[EventDate "2013.??.??"]

1. e4 c5 2. Nf3 a6 3. b3 d6 4. Bb2 Nf6 5. e5 dxe5 6. Nxe5 e6 7. d4 Qc7 8. c4
Bd6 9. Nf3 cxd4 10. Bxd4 Nbd7 11. Nbd2 b6 12. Bd3 Bb7 13. Qe2 Bc5 14. Bxf6 Nxf6
15. Ne4 Bb4+ 16. Kf1 Be7 17. Nxf6+ Bxf6 18. Re1 Rd8 19. Be4 g6 20. Bxb7 Qxb7
21. Qe4 Qc7 22. Ke2 O-O 23. Rd1 Bg7 24. Rd3 e5 25. Rxd8 Rxd8 26. Rd1 f5 27. Qc2
e4 28. Rxd8+ Qxd8 29. Ne1 Qd4 30. Qd2 Qxd2+ 31. Kxd2 f4 32. Ke2 Kf7 33. f3 e3
34. Nd3 g5 35. g3 1/2-1/2

[Event "DEM U16w Oberhof"]
[Site "?"]
[Date "2013.05.25"]
[Round "9.7"]
[White "Schaefer, Annabelle"]
[Black "Hartewig, Anja"]
[Result "1-0"]
[WhiteElo "1957"]
[BlackElo "1809"]
[PlyCount "81"]
[EventDate "2013.??.??"]

1. e4 d6 2. d4 Nf6 3. Nc3 g6 4. f4 Bg7 5. Nf3 c5 6. dxc5 Qa5 7. Qd4 dxc5 8. Qc4
O-O 9. e5 Be6 10. Qb5 Qxb5 11. Bxb5 Nd5 12. Nxd5 Bxd5 13. Be3 a6 14. Be2 Nd7
15. Rd1 Bc6 16. O-O Rfd8 17. c3 b5 18. Rd2 Rac8 19. Rfd1 Re8 20. Rxd7 Bxd7 21.
Rxd7 Bf8 22. Ra7 Rc6 23. Nd2 e6 24. Bf3 Rb6 25. Ne4 Rc8 26. Nf6+ Kg7 27. Nd7
Rbb8 28. Nxb8 Rxb8 29. Rxa6 b4 30. c4 Rc8 31. Ra8 Rc7 32. a4 Rd7 33. Rxf8 Kxf8
34. Bxc5+ Kg8 35. Bd6 Ra7 36. Bc6 Ra6 37. Bb5 Ra8 38. c5 Rc8 39. c6 Ra8 40. c7
Rc8 41. Bd7 1-0

[Event "DEM U16w Oberhof"]
[Site "?"]
[Date "2013.05.25"]
[Round "9.8"]
[White "Kovac, Laura"]
[Black "Srokovskiy, Andrea"]
[Result "0-1"]
[WhiteElo "1362"]
[BlackElo "1767"]
[PlyCount "64"]
[EventDate "2013.??.??"]

1. e4 c5 2. Nc3 e6 3. Bc4 a6 4. a4 Nc6 5. d3 Nf6 6. Bd2 Be7 7. f4 d6 8. Nf3 Qc7
9. O-O O-O 10. Qe1 Nb4 11. Rc1 d5 12. Ba2 d4 13. Ne2 Nxa2 14. Ra1 Nb4 15. Bxb4
cxb4 16. Nexd4 Bc5 17. Kh1 Bxd4 18. Nxd4 Qc5 19. c3 bxc3 20. bxc3 Bd7 21. Rf3
Rac8 22. Ne2 b5 23. axb5 axb5 24. Rc1 Rc7 25. Qh4 Qh5 26. Qf2 Ng4 27. Qg1 Qc5
28. Ng3 b4 29. Qd1 Ra8 30. h3 Nf6 31. e5 Nd5 32. Ne2 Ra2 0-1

[Event "DEM U16w Oberhof"]
[Site "?"]
[Date "2013.05.25"]
[Round "9.9"]
[White "Rosmait, Emily"]
[Black "Lemke, Berfin"]
[Result "1/2-1/2"]
[WhiteElo "1754"]
[BlackElo "1574"]
[PlyCount "41"]
[EventDate "2013.??.??"]

1. e4 c5 2. Nf3 d6 3. Bb5+ Nc6 4. Bxc6+ bxc6 5. h3 e5 6. O-O Nf6 7. Nc3 Be7 8.
d3 O-O 9. Be3 Nd7 10. Ne2 f5 11. Bd2 Nf6 12. exf5 Bxf5 13. Ng3 Bd7 14. Ne4 Qe8
15. Kh1 Nd5 16. Bg5 Nf4 17. Bxe7 Qxe7 18. Nh2 Rf7 19. Qe1 Raf8 20. f3 Nh5 21.
Kg1 1/2-1/2

[Event "DEM U16w Oberhof"]
[Site "?"]
[Date "2013.05.25"]
[Round "9.10"]
[White "Michels, Kim"]
[Black "Priese, Annika"]
[Result "1-0"]
[WhiteElo "1641"]
[BlackElo "1703"]
[PlyCount "69"]
[EventDate "2013.??.??"]

1. e4 c5 2. c3 Nf6 3. e5 Nd5 4. d4 cxd4 5. cxd4 e6 6. Nc3 d6 7. Nf3 Bd7 8. Bd3
Bc6 9. O-O Be7 10. Ne4 O-O 11. Nfg5 Nb4 12. Nxh7 Nxd3 13. Qxd3 Bxe4 14. Qxe4 d5
15. Qd3 Re8 16. f4 Nc6 17. Rf3 Nxd4 18. Qxd4 Kxh7 19. Kf1 Rh8 20. f5 exf5 21.
Rxf5 Kg8 22. Qf2 Qe8 23. Qg3 Qb5+ 24. Kg1 Bc5+ 25. Be3 Bxe3+ 26. Qxe3 Qxb2 27.
Raf1 Re8 28. Rxf7 Rh6 29. R1f5 Qa1+ 30. Rf1 Qxa2 31. Qg5 Rh7 32. Qe7 Rxh2 33.
Rxg7+ Kh8 34. Rf8+ Rxf8 35. Qxf8# 1-0

[Event "DEM U16w Oberhof"]
[Site "?"]
[Date "2013.05.25"]
[Round "9.11"]
[White "Koch, Elisabeth"]
[Black "Paliy, Margaryta"]
[Result "1/2-1/2"]
[WhiteElo "1732"]
[BlackElo "1676"]
[PlyCount "89"]
[EventDate "2013.??.??"]

1. e4 e5 2. Nf3 Nc6 3. Bc4 Bc5 4. c3 Nf6 5. d3 d6 6. Nbd2 a6 7. Bb3 O-O 8. O-O
Ne7 9. Re1 Ng6 10. d4 exd4 11. cxd4 Ba7 12. h3 Re8 13. Qc2 Be6 14. Bxe6 fxe6
15. Nf1 c6 16. Ng3 Rc8 17. Bg5 e5 18. dxe5 Nxe5 19. Qb3+ Nf7 20. Qxb7 Nxg5 21.
Nxg5 Rc7 22. Qxa6 Nh5 23. Nxh5 Qxg5 24. Qc4+ Kh8 25. Qd3 Qxh5 26. Qxd6 Qf7 27.
Re2 Qe7 28. Rd1 Qxd6 29. Rxd6 Bc5 30. Rd1 Rce7 31. Rc1 Re5 32. Rc4 R8e6 33.
Rec2 Bf8 34. f3 c5 35. Kf2 Kg8 36. Rd2 Kf7 37. Ra4 Rc6 38. b3 Re7 39. Ke2 g6
40. Rd5 Rec7 41. Kd3 Ke6 42. Rc4 Ra7 43. Rc2 Rca6 44. a4 Rb7 45. Rb2 1/2-1/2

[Event "DEM U16w Oberhof"]
[Site "?"]
[Date "2013.05.25"]
[Round "9.12"]
[White "Titgemeyer, Eva Maria"]
[Black "Weiten, Katharina"]
[Result "1-0"]
[WhiteElo "1567"]
[BlackElo "1080"]
[PlyCount "43"]
[EventDate "2013.??.??"]

1. e4 e5 2. Nf3 Nc6 3. Bc4 Bc5 4. O-O Nf6 5. d4 exd4 6. e5 Ng4 7. Bxf7+ Kxf7 8.
Ng5+ Ke8 9. Qxg4 Nxe5 10. Re1 d6 11. Qg3 Rf8 12. Nxh7 Rf5 13. Qg6+ Rf7 14. Bg5
Qd7 15. f4 d3+ 16. Kh1 Bd4 17. fxe5 Bxe5 18. cxd3 b6 19. d4 Qb5 20. dxe5 dxe5
21. Nc3 Qc5 22. Rf1 1-0

[Event "DEM U16w Oberhof"]
[Site "?"]
[Date "2013.05.25"]
[Round "9.13"]
[White "Gazizova, Alina"]
[Black "Mao, Yvonne"]
[Result "0-1"]
[WhiteElo "1074"]
[BlackElo "1310"]
[PlyCount "64"]
[EventDate "2013.??.??"]

1. d4 d5 2. Nf3 Nf6 3. c4 c6 4. Bg5 Nbd7 5. Nc3 e6 6. e3 Qa5 7. Nd2 Bb4 8. Qc2
dxc4 9. Bxf6 Nxf6 10. Bxc4 b5 11. Be2 O-O 12. a3 Bb7 13. O-O Bd6 14. Nde4 Nxe4
15. Nxe4 Bb8 16. Ng5 f5 17. Nf3 Rf6 18. g3 Bd6 19. Qc3 Qd8 20. Rad1 Rc8 21.
Rfe1 Rh6 22. Bf1 Qe8 23. Bg2 Qh5 24. e4 f4 25. e5 Be7 26. Qd3 g5 27. Re4 c5 28.
dxc5 Bxe4 29. Qxe4 g4 30. gxf4 gxf3 31. Bxf3 Qxh2+ 32. Kf1 Bxc5 0-1